Statistics for Fifa World Ranking Top 50

Click here to take the quiz!

General Stats

  • This quiz has been taken 82 times
  • The average score is 39 of 50

Answer Stats

NAnswer% Correct
4France
100%
2Belgium
98%
1Brazil
98%
7Spain
98%
3Argentina
97%
5England
94%
6Italy
94%
9Portugal
92%
24Japan
91%
8Netherlands
91%
16U.S.A
89%
10Denmark
88%
39Egypt
88%
26Poland
88%
13Mexico
86%
25Sweden
86%
12Croatia
85%
22Morocco
85%
15Switzerland
85%
11Germany
83%
42Norway
83%
28South Korea
83%
41Canada
82%
29Chile
82%
17Colombia
82%
14Uruguay
82%
38Australia
80%
23Peru
80%
18Senegal
80%
20Iran
79%
49Ireland
76%
33Russia
76%
40Scotland
76%
45Turkey
76%
27Ukraine
74%
19Wales
74%
37Algeria
73%
32Nigeria
73%
34Austria
71%
44Ecuador
71%
21Serbia
70%
31Costa Rica
68%
36Hungary
64%
35Czech Republic
59%
47Paraguay
59%
30Tunisia
59%
43Cameroon
58%
50Qatar
53%
48Ivory Coast
45%
46Mali
23%

Score Distribution

Percentile by Number Answered

Percent of People with Each Score

Your Score History

You have not taken this quiz